• 首页
  • 本馆介绍
  • 公告通知
  • 最新文献
  • 馆藏检索
  • 电子资源
  • 读者导购
  • 参考咨询
  • 我的图书馆
  • 登录
  • 详细信息显示
  • 放入我的书架
  • 预约/预借图书
  • 作者相关作品
  • 分类相关作品
  • 丛书相关作品
  • 出版社相关作品

书目信息

  • 表格格式
  • 工作单格式
  • 卡片格式
题名:
没有在成长中跌倒过的人,不足以谈人生
    
 
作者: 陈西 编著
分册:  
出版信息: 沈阳   辽海出版社  2018
页数: 214页
开本: 23cm
丛书名:
单 册:
中图分类: B821-49 , B848.4
科图分类:
主题词: 人生哲学--Ren Sheng Zhe Xie--通俗读物
电子资源:
ISBN: 978-7-5451-4460-4
000 00948nam0 2200265 450
001 012001002514
005 20131023153333.0
010    @a978-7-5451-4460-4@b精装@dCNY68.00
099    @aCAL 012018101344
100    @a20180608d2018 ekmy0chiy50 ea
101 0  @achi
102    @aCN@b210000
105    @ay z 000yy
106    @ar
200 1  @a没有在成长中跌倒过的人,不足以谈人生@AMei You Zai Cheng Zhang Zhong Die Dao Guo De Ren ,bu Zu Yi Tan Ren Sheng@f陈西编著
210    @a沈阳@c辽海出版社@d2018
215    @a214页@d23cm
330    @a本书共分八章,内容包括:那些牵绊我们的不幸,可能是拯救我们的幸运;只要内心勇敢,随时可以从头再来;追逐梦想的路上,汗水也是甘甜的;勇敢地做一次自己,精彩地活一次等。
333    @a一般读者
606 0  @a人生哲学@ARen Sheng Zhe Xie@j通俗读物
690    @aB821-49@v5
690    @aB848.4@v4
701  0 @a陈西@AChen Xi@4编著
801  0 @aCN@b江苏凤凰@c20191020
905    @b1220270-3@dB821-49@e1440@f4
    
    没有在成长中跌倒过的人,不足以谈人生/陈西编著.-沈阳:辽海出版社,2018
    214页;23cm
    使用对象:一般读者
    
    ISBN 978-7-5451-4460-4(精装):CNY68.00
    本书共分八章,内容包括:那些牵绊我们的不幸,可能是拯救我们的幸运;只要内心勇敢,随时可以从头再来;追逐梦想的路上,汗水也是甘甜的;勇敢地做一次自己,精彩地活一次等。
●
相关链接 在E读中查询图书 在五车中查询图书 在当当中查询图书 在豆瓣中查询图书


正题名:没有在成长中跌倒过的人,不足以谈人生     索取号:B821-49/1440         预约/预借

序号 登录号 条形码 馆藏地/架位号 状态 备注
1 1220270   212202702   第一样本阅览室/ [索取号:B821-49/1440] 在馆    
2 1220271   212202711   教育系资料室/ [索取号:B821-49/1440] 在馆    
3 1220272   212202720   教育系资料室/ [索取号:B821-49/1440] 在馆    
4 1220273   212202739   第一借阅区/ [索取号:B821-49/1440] 在馆    
唐山师范学院图书馆 欢迎您!
大连网信软件有限公司© 版权所有